000
00273nam a22001217a 4500
040
_c
SY
082
_a
494
100
_a
VON MONIN; វន មុនិន្ទ
245
_a
កសិរុក្ខកម្ម
260
_a
RUA
_b
VON
_c
2007
300
_a
115p.
942
_c
KB
999
_c
9164
_d
9164